| 000 | 00428 a2200157 4500 | ||
|---|---|---|---|
| 999 |
_c11410 _d11410 |
||
| 020 | _a0869220535 | ||
| 050 | 0 | 0 |
_aPL 8723 _bNGU 1976 |
| 100 | 1 |
_aSigogo, Ndabezinhle S., _d1932- |
|
| 245 | 1 | 0 |
_aIndlalifa ngubani? / _cN. S. Sigogo. |
| 300 | _a112 pages | ||
| 336 |
_2rdacontent _atext _btxt |
||
| 337 |
_2rdamedia _aunmediated _bn |
||
| 338 |
_2rdacarrier _avolume _bnc |
||
| 500 | _aincludes index | ||
| 942 |
_2lcc _cBK _h8723 _iNGU _kPL |
||